Southville International School and Colleges
Your cart is empty.
  • Cart
  • Lists
    Public lists Eva Luna New books Lux_list list_1
    Your lists Log in to create your own lists
  • Log in to your account
  • Your cookies
  • Search history
Southville International School and Colleges
  • Advanced search
  • Recent comments
  • Most popular
  • Libraries

Log in to your account

Log in with GOOGLE


If you do not have an external account, but do have a local account, you can still log in:

  1. Home
  2. MARC view: Flash 8 :
Normal view MARC view ISBD view

Flash 8 : (Record no. 21596)

[ view plain ]
MARC details
000 -LEADER
fixed length control field 00665nam a2200229 a 4500
005 - DATE AND TIME OF LATEST TRANSACTION
control field 20140310183332.0
008 - FIXED-LENGTH DATA ELEMENTS--GENERAL INFORMATION
fixed length control field 060824s19uu xx 00 eng d
020 ## - INTERNATIONAL STANDARD BOOK NUMBER
International Standard Book Number 9781401871055
050 ## - LIBRARY OF CONGRESS CALL NUMBER
Classification number T 385
Item number .M6325 2006
100 ## - MAIN ENTRY--PERSONAL NAME
Personal name Mohler, James L.
245 ## - TITLE STATEMENT
Title Flash 8 :
Remainder of title graphics, animation , and interactivity /
Statement of responsibility, etc James L. Mohler.
260 ## - PUBLICATION, DISTRIBUTION, ETC. (IMPRINT)
Place of publication, distribution, etc Australia :
Name of publisher, distributor, etc Thomson Delmar Learning,
Date of publication, distribution, etc 2006.
300 ## - PHYSICAL DESCRIPTION
Extent 575 p. :
Other physical details ill. ;
Dimensions 24 cm.
521 ## - TARGET AUDIENCE NOTE
Target audience note
650 ## - SUBJECT ADDED ENTRY--TOPICAL TERM
Topical term or geographic name as entry element Flash (Computer file).
650 ## - SUBJECT ADDED ENTRY--TOPICAL TERM
Topical term or geographic name as entry element Computer graphics.
650 ## - SUBJECT ADDED ENTRY--TOPICAL TERM
Topical term or geographic name as entry element Computer animation.
650 ## - SUBJECT ADDED ENTRY--TOPICAL TERM
Topical term or geographic name as entry element Web sites
General subdivision Design.
942 ## - ADDED ENTRY ELEMENTS (KOHA)
Koha item type Books
Source of classification or shelving scheme Library of Congress Classification
Call number prefix Foreign
Holdings
Withdrawn status Lost status Source of classification or shelving scheme Damaged status Home library Current library Shelving location Date acquired Source of acquisition Total Checkouts Full call number Barcode Date last seen Copy number Price effective from Koha item type Date checked out
    Library of Congress Classification   College Library College Library General Circulation Section 09/08/2006 Donation   T 385 .M6325 2006 C7637 05/15/2018 1 03/10/2014 Books  
    Library of Congress Classification   College Library College Library General Circulation Section 01/09/2014 Donation 1 T 385 .M6325 2006 C7553 05/15/2018 2 01/09/2014 Books 08/24/2016

Flash 8 :

APA

Mohler J. L., . (2006). Flash 8. Australia: Thomson Delmar Learning.

Chicago

Mohler James L, . 2006. Flash 8. Australia: Thomson Delmar Learning.

Harvard

Mohler J. L., . (2006). Flash 8. Australia: Thomson Delmar Learning.

MLA

Mohler James L, . Flash 8. Australia: Thomson Delmar Learning. 2006.

  • Place hold
  • Print
  • Cite
  • Add to your cart (remove)
  • Save record
    BIBTEX Dublin Core MARCXML MARC (non-Unicode/MARC-8) MARC (Unicode/UTF-8) MARC (Unicode/UTF-8, Standard) MODS (XML) RIS
  • More searches
    Search for this title in:
    Other Libraries (WorldCat) Other Databases (Google Scholar) Online Stores (Bookfinder.com) Open Library (openlibrary.org)

Exporting to Dublin Core...

SOUTHVILLE LIBRARY

Southville International School and Colleges Library

1281 Tropical Ave. Cor. Luxembourg St., BF Homes International, Las Pinas City

Tel. No. 8256374 / 252358 Loc. 117/146

Powered by Koha